Hodnotenie faktorov súvisiacich s prácou a štúdiom cez optiku skúseností absolventov vysokých škôl
Na základe výpovedí absolventov vysokých škôl, priblíženie ich skúseností a ťažkostí pri vstupe na trh práce a realizácie získaného vzdelania v praxi.
Na minha lista:
| Autor principal: | |
|---|---|
| Formato: | Capítulo de Livro |
| Idioma: | eslovaco |
| Assuntos: | |
| Tags: |
Sem tags, seja o primeiro a adicionar uma tag!
|
MARC
| LEADER | 00000naa$a2200000$$$4500 | ||
|---|---|---|---|
| 001 | 0094011 | ||
| 005 | 20231114073147.3 | ||
| 041 | 0 | |a slo | |
| 044 | |a SK | ||
| 245 | 1 | 0 | |a Hodnotenie faktorov súvisiacich s prácou a štúdiom cez optiku skúseností absolventov vysokých škôl |c Marta Zvalová |
| 520 | |a Na základe výpovedí absolventov vysokých škôl, priblíženie ich skúseností a ťažkostí pri vstupe na trh práce a realizácie získaného vzdelania v praxi. | ||
| 610 | 2 | 0 | |a absolventi |
| 610 | 2 | 0 | |a školy vysoké |
| 610 | 2 | 0 | |a trh práce |
| 610 | 2 | 0 | |a vysokoškoláci |
| 100 | 1 | |a Zvalová, Marta | |